Measuring Convergence in Tourism Competitiveness of Natural and Cultural Resources: A Case of the Balkans and Eastern Europe

Komparatívna analýza konkurencieschopnosti cestovného ruchu prírodných a kultúrnych zdrojov medzi krajinami Balkánu a východnou Európou. Dvojkrokový proces merania konvergencie konkurencieschopnosti cestovného ruchu. Návrh na podporu konkurencieschopnosti cestovného ruchu prostredníctvom prírodných...

Descrizione completa

Salvato in:
Dettagli Bibliografici
Autore principale: Pantović, Danijela
Altri autori: Bošković, Nikola, Petrović, Tijana
Natura: Capitolo di libro
Lingua:inglese
Soggetti:
Tags: Aggiungi Tag
Nessun Tag, puoi essere il primo ad aggiungerne!!

MARC

LEADER 00000naa a2200000 4500
001 0291254
005 20230227092909.8
041 0 |a eng 
044 |a SK 
245 1 0 |a Measuring Convergence in Tourism Competitiveness of Natural and Cultural Resources: A Case of the Balkans and Eastern Europe  |c Danijela Pantović, Nikola Bošković, Tijana Petrović 
520 |a Komparatívna analýza konkurencieschopnosti cestovného ruchu prírodných a kultúrnych zdrojov medzi krajinami Balkánu a východnou Európou. Dvojkrokový proces merania konvergencie konkurencieschopnosti cestovného ruchu. Návrh na podporu konkurencieschopnosti cestovného ruchu prostredníctvom prírodných a kultúrnych zdrojov. Rozvoj služieb cestovného ruchu. 
610 2 0 |a konvergencia 
610 2 0 |a ruch cestovný 
610 2 0 |a konkurencieschopnosť 
610 2 0 |a zdroje prírodné 
610 2 0 |a kultúra 
610 2 0 |a východná Európa 
610 2 0 |a Balkán 
100 1 |a Pantović, Danijela 
700 1 |a Bošković, Nikola 
700 1 |a Petrović, Tijana